| 000 | 00603cam a22001577a 4500 | ||
|---|---|---|---|
| 008 | 180718b2009 xxu||||| |||| 00| 0 eng d | ||
| 020 | _a8131602524 | ||
| 082 | _aB73x54 Ar67p | ||
| 245 |
_aPanchayati raj , participation and decentratlization _cedited by Ramesh K. Arora and Meenakshi Hooja |
||
| 260 |
_aJaipur _bRawat _c2009 |
||
| 300 | _a315p. | ||
| 650 | _aIndia -- Politics and government -- 20th century | ||
| 650 | _aDecentralization in government -- India -- History -- 20th century | ||
| 650 | _aPanchayat -- India -- History -- 20th century | ||
| 700 | _aArora, Ramesh K. and Hooja, Meenakshi | ||
| 999 |
_c503132 _d503132 |
||